One Direction Songs from A to Z - Statistiken

Allgemein
  • Dieses Quiz wurde 382 mal gespielt
  • Das Durchschnittsergebnis liegt bei 14 aus 21
Antwortstatistiken
Letter Song % Korrekt
W Walking in the Wind, What a Feeling, What Makes You Beautiful, Where Do Broken Hearts Go, Why Don't We Go There, Wolves
84%
S Same Mistakes, Save You Tonight, She's Not Afraid, Something Great, Spaces, Steal My Girl, Still The One, Stockholm Syndrome, Stole My Heart, Story of My Life, Strong, Summer Love
83%
N Na Na Na, Never Enough, Night Changes, No Control, Nobody Compares
83%
B Back for you, Best Song Ever, Better Than Words
80%
D Diana, Does He Know?. Don't Forget Where You Belong, Drag Me Down
80%
O Olivia, Once in a Lifetime, One Thing, One Way or Another (Teenage Kicks), Over Again
77%
L Last First Kiss, Little Black Dress, Little Things, Little White Lies, Live While We're Young, Long Way Down, Love You Goodbye, Loved You First
76%
H Half a Heart, Happily, Heart Attack, Hey Angel, History, Home
75%
M Magic, Midnight Memories, Moments, More Than This
75%
I I Should Have Kissed You, I Want, I Want to Write You a Song, I Wish, I Would, If I Could Fly, Illusion, Infinity, Irresistible
69%
R Ready to Run, Right Now, Rock Me
68%
A A.M., Act My Age, Alive, Another World
67%
Y You & I
65%
C C'mon, C'mon, Change My Mind, Change Your Ticket, Clouds
64%
F Fireproof, Fool's Gold
61%
P Perfect
61%
K Kiss You
59%
T Taken, Tell Me a Lie, Temporary Fix, They Don't Know About Us, Through the Dark, Truly Madly Deeply
58%
G Girl Almighty, Gotta Be You
54%
E End of the Day, Everything About You
48%
U Up All Night
42%
Keine übereinstimmenden Quizze gefunden
Verteilung der Resultate
Anzahl Personen mit jedem Resultat
Perzentil nach korrekt beantworteten Fragen
Ihre Resultats-Entwicklung
Sie haben dieses Quiz noch nicht gespielt